000 00204 a2200097 4500
001 2676
100 _aMaxwell, E
245 _aMarried the world
260 _a
_bWilliam Heinemann
_c
090 _c1972
_d1972
942 _aNUST-CAE
_cM
_c10802
999 _c237749
_d237749